Guess the Apple Product by its Picture - Statistics

General Stats
  • This quiz has been taken 147 times
  • The average score is 4 of 8
Answer Stats
Picture Answer % Correct
AirPods
95%
Apple TV
63%
iPhone 11 Pro
59%
MacBook Air
53%
iPhone XS
50%
iPhone 11 Pro Max
48%
iPhone XS Max
36%
AirPod Pro
29%
No matching quizzes found
Score Distribution
Percent of People with Each Score
Percentile by Number Answered
Your Score History
You have not taken this quiz